00283nam a22001097a 4500020001500000040000900015082001700024100001800041245006400059250001900123650003100142 a0534068286 cNUST a519.5bDEV'P aJay L. Devorn aProbability and Statistics for Engineering and the Sciences aSecond Edition aProbability and Statistics